000 00410cam a2200157ua 4500
041 _aeng
_h
082 _a823.308
_bSTE/LI
100 _aSterne, Laurence .
245 _aLife and opinions of Tristram Shandy /
_cLaurence Sterne.
_hTextual Documents
250 _a1 /
_b.
260 _aLondon :
_bOxford University Press ,
_c1961.
300 _a591 ; .
504 _a
942 _cBK
999 _c12762
_d12762